县级行政区知识问答#19 乡宁县 Xiangning Multiple-choice - Statistics

General Stats
  • This quiz has been taken 5 times
  • The average score is 6 of 10
Answer Stats
Question Answer % Correct
乡宁县境内最高峰是哪座山? 云丘山
100%
乡宁县隶属于山西省哪个地级市? 临汾市
80%
乡宁县“四月八”古会的起源与哪类活动相关? 祈雨祭祀
80%
乡宁县“下川村古民居群”的建筑风格主要反映哪个朝代特征? 明清
80%
乡宁县在春秋时期的古称是什么? 鄂邑
60%
乡宁县“云丘山中和文化节”被列入哪一级非物质文化遗产名录? 国家级
60%
乡宁县被称为“中国北方______之乡”? 紫砂
40%
乡宁县“结义庙”纪念的历史人物是? 刘关张三兄弟
40%
乡宁县传统名吃“空心月饼”的独特工艺是? 包馅旋纹
40%
关于乡宁县煤炭的叙述,以下哪一项不正确? 开采始于唐代
20%
No matching quizzes found
Score Distribution
Percent of People with Each Score
Percentile by Number Answered
Your Score History
You have not taken this quiz